00948nam a2200205 a 4500003000200000005001700002008004100019050003300060100001800093245015100111260009000262300004000352504004100392650005000433650005000483650004500533942001400578999001700592952013300609020250424143457.0080527s19uu xx 00 eng d aPHS LC 1099.5.K67b.K56 2005 aKim, Yoon-Ho. aThe Effects of cultural differences on the studies of Korean High School students of Southville International School and Colleges /cYoon-Ho Kim. aLas Piñas City, Philippines :bSouthville International School and Colleges,c2005. a29 pages :billustrations ;c28 cm. aIncludes bibliographical references. aAcademic achievementxCross-cultural studies. aHigh school studentsxCross-cultural studies. aKorean studentszPhilippinesxAttitudes. 2lcccPASS c97258d97258 00102lcc40aLUXbLUXcPASSd2008-05-27eDONATIONl0oPHS LC 1099.5.K67 .K56 2005pP1289r2014-04-08 00:00:00w2014-04-08yPASS